Online Catalogue and eLibrary

Historical foundation of the economy of the tamils of north Sri Lanka : (Record no. 3531)

MARC details
000 -LEADER
fixed length control field 00463nam a2200157Ia 4500
005 - DATE AND TIME OF LATEST TRANSACTION
control field 20250217060540.0
008 - FIXED-LENGTH DATA ELEMENTS--GENERAL INFORMATION
fixed length control field 240331s9999 xx 000 0 und d
082 ## - DDC Classification
Item Number - Author Mark ARA
Class No. 954
100 ## - MAIN ENTRY--PERSONAL NAME
Personal name Arasaratnam, S
245 #0 - TITLE STATEMENT
Title Historical foundation of the economy of the tamils of north Sri Lanka :
Remainder of title chelvanayagam memorial lectures
260 ## - PUBLICATION, DISTRIBUTION, ETC.
Place of publication, distribution, etc. Jaffna
Name of publisher, distributor, etc. Thanthai Chelva Memorial Trust
Date of publication, distribution, etc. 1982
300 ## - PHYSICAL DESCRIPTION
Extent (e.g. Volumes, Pages etc.) 44 p .,
650 ## - SUBJECT ADDED ENTRY--TOPICAL TERM
Topical term or geographic name entry element History
650 ## - SUBJECT ADDED ENTRY--TOPICAL TERM
Topical term or geographic name entry element Economy
942 ## - Koha item type (Biblio)
Koha item type Books in Stacks (Lending)
Holdings
Lost status Damaged status Collection code Home library Current library Shelving location Date acquired Full call number Accession Number Item type
    Lending WERC Library WERC Library Social Science Cupboard 03/31/2024 954.93 ARA 753 Books in Stacks (Lending)

© WERC Library